| 000 | 00679nam a22001817a 4500 | ||
|---|---|---|---|
| 003 | UA-OsUOA | ||
| 001 | 16188 | ||
| 007 | ta | ||
| 008 | 20031222b un ||||| |||| 00| 0 ukr d | ||
| 100 | _aМатвіїв А. | ||
| 942 | _cSA | ||
| 040 |
_aUA-OsUOA _cUA-OsUOA _dUA-OsUOA |
||
| 245 |
_a"Марусю" Марка Вовчка перевидали в Рівному _b[В Рівнен. держ. обл. б-ці презентували повість Марка Вовчка "Маруся"] |
||
| 300 | _aС.23 | ||
| 955 | _a0 | ||
| 773 | 0 |
_w0 _tРівне вечірнє _dРівне _d2003 _g№88/28 листоп. / |
|
| 650 | 7 |
_aКраєзнавча робота _2UDC |
|
| 999 |
_c302353 _d302353 |
||